Contemporary Social Issues: (Record no. 192252)

MARC details
000 -LEADER
fixed length control field 00674nam a22001937a 4500
005 - DATE AND TIME OF LATEST TRANSACTION
control field 20220919122356.0
010 ## - LCCN (DPL NO)
LC control number B-745527
020 ## - INTERNATIONAL STANDARD BOOK NUMBER
International Standard Book Number 978938176124
Terms of availability 295.00
035 ## - SYSTEM CONTROL NUMBER
System control number B-745527
037 ## - SOURCE OF ACQUISITION
Source of stock number/acquisition OakBridge
245 ## - TITLE STATEMENT
Title Contemporary Social Issues:
Remainder of title Second Edition 2019/
Statement of responsibility, etc edited by Smarak Swain
250 ## - EDITION STATEMENT
Edition statement 2nd
260 ## - PUBLICATION, DISTRIBUTION, ETC. (IMPRINT)
Place of publication, distribution, etc Haryana
Name of publisher, distributor, etc OakBridge Publishing
Date of publication, distribution, etc 2019
270 ## - ADDRESS
Address M 35, 1st Floor, Old DLF, Gurugram,
City Haryana
Postal code 122001
Telephone number 91 1244305970
Electronic mail address info@oakbridge.in
300 ## - PHYSICAL DESCRIPTION
Extent 374p
Dimensions 24cm(pbk)
505 ## - FORMATTED CONTENTS NOTE
Formatted contents note
942 ## - ADDED ENTRY ELEMENTS (KOHA)
Source of classification or shelving scheme Dewey Decimal Classification
Item type English Books
Call number suffix CON
Classification part 361.954
Holdings
Withdrawn status Lost status Not for loan Collection code Home library Current library Date acquired Source of acquisition Cost, normal purchase price Full call number Barcode Copy number Cost, replacement price Koha item type Public note
      Non-fiction Kadipur Kadipur 19/09/2022 5.9.22/Gift 295.00 361.954 CON B-745527 1 295.00 English Books Gift

© Delhi Public Library
Hit Counter
free hit counter